000 01025nam0a22002291 4500
001 rc\3940727
005 20260406152828.0
035 _a(NLR Aleph) 007919710
090 _a8149952
_c8149952
100 _a20130415a19559999|||y0rusy50 ca
101 0 _arus
102 _aRU
105 _ay z |||||
200 1 _aСборник научных трудов студентов
_eВып. 1-
_fМ-во здрав. Армянской ССР. Ереванский мед. ин-т
210 _aЕреван
_cЕреванский зооветинститут
_d1955-
710 0 2 _aЕреванский государственный медицинский институт
_3RU\NLR\AUTH\889928274
_9352178
801 0 _aRU
_bNLR
_gpsbo
801 1 _aRU
_bELAR
_2rusmarc
830 _aПеречень имеющихся в библиотеке томов, номеров, годов этого издания смотри в каталоге периодических изданий
852 _aNLR
_jП17/202
942 _cBOOK
980 _aNB